|
|
|
|
| LEADER |
00000nab a2200000 ar4500 |
| 001 |
vtls008957225 |
| 003 |
SK-MaSNL |
| 005 |
20260303070949.0 |
| 008 |
070320c20070301xo dr|p|||||||000 b|slo |
| 015 |
|
|
|a SNBRB2007/03
|2 snkbucl
|
| 040 |
|
|
|a SNKBUCL
|b slo
|c SNKBUCL
|e AACR2
|
| 041 |
0 |
|
|a slo
|
| 044 |
|
|
|a xo
|c SK
|
| 080 |
|
|
|a 336.744
|x (4)
|2 2001
|
| 080 |
|
|
|a 339.738
|x (4)
|2 2001
|
| 100 |
1 |
|
|a Jančík, Ľuboš
|4 aut
|9 839570
|
| 245 |
1 |
0 |
|a Zbohom marka, gulden, frank
|b ľudia sa báli zdraženia, euro však infláciu zvýšilo iba ...
|c Ľuboš Jančík, Tomáš Halán
|
| 300 |
|
|
|b Mp.
|
| 500 |
|
|
|a Od 15.1.2007 návrat k pôvodnému vročeniu
|
| 650 |
0 |
7 |
|a jednotná európska mena
|2 snkbucl
|9 28024
|
| 650 |
0 |
7 |
|a eurozóna
|2 snkbucl
|9 13394
|
| 700 |
1 |
|
|a Halán, Tomáš
|4 aut
|9 93076
|
| 773 |
0 |
|
|t Sme
|g Roč. 15, č. 50 (1.3.2007), s. 6
|x 1335-440X
|
| 852 |
|
|
|a SNK
|b KIS3GCP
|
| 999 |
|
|
|c 1757729
|d 1759659
|